कथक में कवित्त / (Record no. 19268)

MARC details
000 -LEADER
fixed length control field 01224nam a22002777a 4500
005 - DATE AND TIME OF LATEST TRANSACTION
control field 2008112804184.0
008 - FIXED-LENGTH DATA ELEMENTS--GENERAL INFORMATION
fixed length control field 081128t xxu||||| |||| 00| 0 hin d
010 ## - LCCN (DPL NO)
LC control number HIN-85255
020 ## - INTERNATIONAL STANDARD BOOK NUMBER
International Standard Book Number 817487548
Terms of availability 500.00
035 ## - SYSTEM CONTROL NUMBER
System control number HN-57601
037 ## - SOURCE OF ACQUISITION
Source of stock number/acquisition DBAD / PUB
040 ## - CATALOGING SOURCE
Original cataloging agency DPL
Language of cataloging HN
082 ## - DEWEY DECIMAL CLASSIFICATION NUMBER
Classification number 784.1885
100 ## - MAIN ENTRY--PERSONAL NAME
Personal name गीता रघुवीर
245 ## - TITLE STATEMENT
Title कथक में कवित्त /
Statement of responsibility, etc गीता रघुवीर
246 ## - VARYING FORM OF TITLE
Title proper/short title Kathak men kavitta
Remainder of title by Gita Raghuveer
260 ## - PUBLICATION, DISTRIBUTION, ETC. (IMPRINT)
Place of publication, distribution, etc नई दिल्ली
Name of publisher, distributor, etc राधा पब्लिकेशन
Date of publication, distribution, etc 2007
270 ## - ADDRESS
Address 4231/1,अंसारी रोड, दरियागंज
City नई दिल्ली
Postal code 110 स002
Telephone number 23247003, 23254306
300 ## - PHYSICAL DESCRIPTION
Extent 230पृ.
Dimensions 21सेमी(सजिल्द)
650 ## - SUBJECT ADDED ENTRY--TOPICAL TERM
Topical term or geographic name as entry element नृत्य संगीत
Geographic subdivision भारत
650 ## - SUBJECT ADDED ENTRY--TOPICAL TERM
Topical term or geographic name as entry element Dance music
Geographic subdivision India
650 ## - SUBJECT ADDED ENTRY--TOPICAL TERM
Topical term or geographic name as entry element कथक ( नृत्य )
650 ## - SUBJECT ADDED ENTRY--TOPICAL TERM
Topical term or geographic name as entry element Kathak ( Dance )
942 ## - ADDED ENTRY ELEMENTS (KOHA)
Source of classification or shelving scheme Dewey Decimal Classification
Item type Hindi Books
Classification part 784.1885
Call number suffix गीतार
Holdings
Withdrawn status Lost status Source of classification or shelving scheme Damaged status Not for loan Home library Current library Date acquired Source of acquisition Cost, normal purchase price Total Checkouts Full call number Barcode Date last seen Copy number Cost, replacement price Koha item type
    Dewey Decimal Classification   Not For Loan D.B.Act.Division D.B.Act.Division 16/12/2008 DBAD / PUB 500.00   784.1885 गीतार HN-57601 28/11/2008 1 500.00 Hindi Books

© Delhi Public Library
Hit Counter
free hit counter